UBT Library

Fusha- Valet Elektromagnetike te Telefonise Cellulare dhe ndikimi i tyre ne Shendet dhe Ambient (Record no. 45977)

000 -LEADER
fixed length control field 00340nam a22001217a 4500
008 - FIXED-LENGTH DATA ELEMENTS--GENERAL INFORMATION
fixed length control field 180518b xxu||||| |||| 00| 0 eng d
041 ## - LANGUAGE CODE
Language code of text/sound track or separate title eng
080 ## - UNIVERSAL DECIMAL CLASSIFICATION NUMBER
Universal Decimal Classification number 043.3
100 ## - Rafti
Rafti 0
101 ## - Shkurtesa
Shkurtesa SHKI-BA
245 ## - TITLE STATEMENT
Title Fusha- Valet Elektromagnetike te Telefonise Cellulare dhe ndikimi i tyre ne Shendet dhe Ambient
Statement of responsibility, etc Rexhepi, A
942 ## - ADDED ENTRY ELEMENTS (KOHA)
Source of classification or shelving scheme
Item type Books
Holdings
Withdrawn status Lost status Source of classification or shelving scheme Damaged status Not for loan Collection code Permanent location Current location Shelving location Date acquired Total Checkouts Full call number Barcode Date last seen Price effective from Koha item type
          Koleksioni i përgjithshem UBT - Lipjan UBT - Lipjan Disertacionet 05/18/2018   043.3 Rexhepi, A 2012 002-3008520 05/18/2018 05/18/2018 Books
          Koleksioni i përgjithshem UBT - Lipjan UBT - Lipjan Disertacionet 05/18/2018   043.3 Rexhepi, A 2012 002-3008531 05/18/2018 05/18/2018 Books
          Koleksioni i përgjithshem UBT - Lipjan UBT - Lipjan Disertacionet 05/18/2018   043.3 Rexhepi, A 2012 002-3008526 05/18/2018 05/18/2018 Books
          Koleksioni i përgjithshem UBT - Lipjan UBT - Lipjan Disertacionet 05/18/2018   043.3 Rexhepi, A 2012 002-3008539 05/18/2018 05/18/2018 Books
UBT Library © 2015-2024. All rights reserved University Education for Business and Technology